March Madness Elite Eight since 2010 - Statistics

General Stats
  • This quiz has been taken 537 times
  • The average score is 85 of 112
Answer Stats
Year Seed Answer % Correct
'10 1 Duke
97%
'13 2 Duke
97%
'15 1 Duke
97%
'18 2 Duke
97%
2019 1 Duke
97%
'22 2 Duke
97%
'24 4 Duke
97%
'11 3 UConn
91%
'14 7 UConn
91%
'23 4 UConn
91%
2024 1 UConn
91%
'13 4 Michigan
90%
'14 2 Michigan
90%
'18 3 Michigan
90%
'21 1 Michigan
90%
'11 2 North Carolina
89%
'12 1 North Carolina
89%
'16 1 North Carolina
89%
'17 1 North Carolina
89%
'22 8 North Carolina
89%
2011 1 Kansas
88%
'12 2 Kansas
88%
2016 1 Kansas
88%
'17 1 Kansas
88%
'18 1 Kansas
88%
2022 1 Kansas
88%
'10 5 Michigan State
88%
'14 4 Michigan State
88%
'15 7 Michigan State
88%
'19 2 Michigan State
88%
'11 2 Florida
87%
'12 7 Florida
87%
'13 3 Florida
87%
2014 1 Florida
87%
'17 4 Florida
87%
2010 1 Kentucky
87%
'11 4 Kentucky
87%
2012 1 Kentucky
87%
'14 8 Kentucky
87%
2015 1 Kentucky
87%
'17 2 Kentucky
87%
'19 2 Kentucky
87%
2023 2 Texas
87%
'24 4 Alabama
86%
'19 3 Purdue
83%
'24 1 Purdue
83%
'21 11 UCLA
83%
'15 2 Gonzaga
81%
2017 1 Gonzaga
81%
'19 1 Gonzaga
81%
2021 1 Gonzaga
81%
'23 3 Gonzaga
81%
'16 1 Virginia
81%
'19 1 Virginia
81%
'24 11 NC State
80%
'16 2 Villanova
79%
2018 1 Villanova
79%
'22 2 Villanova
79%
'18 3 Texas Tech
78%
'19 3 Texas Tech
78%
'10 3 Baylor
76%
'12 3 Baylor
76%
'21 1 Baylor
76%
'21 2 Houston
75%
'22 5 Houston
75%
'16 1 Oregon
75%
'17 3 Oregon
75%
'10 6 Tennessee
74%
'24 2 Tennessee
74%
'19 5 Auburn
72%
'22 10 Miami
72%
'23 5 Miami
72%
'14 2 Wisconsin
72%
'15 1 Wisconsin
72%
'24 3 Illinois
70%
'12 2 Ohio State
69%
'13 2 Ohio State
69%
'23 5 San Diego State
69%
'11 5 Arizona
68%
'14 1 Arizona
68%
'15 2 Arizona
68%
'10 2 Kansas State
67%
'18 9 Kansas State
67%
'23 3 Kansas State
67%
'23 9 FAU
66%
'18 9 Florida State
66%
'24 6 Clemson
64%
'16 2 Oklahoma
64%
'12 4 Louisville
63%
2013 1 Louisville
63%
'15 4 Louisville
63%
'21 6 USC
63%
'18 11 Loyola Chicago
62%
'21 3 Arkansas
61%
'22 4 Arkansas
61%
'22 15 Saint Peter's
61%
'12 1 Syracuse
61%
'13 4 Syracuse
61%
'16 10 Syracuse
61%
'17 7 South Carolina
59%
'23 6 Creighton
55%
'10 5 Butler
53%
'11 8 Butler
53%
'21 12 Oregon State
50%
'17 11 Xavier
48%
'13 3 Marquette
45%
'11 11 VCU
44%
'10 2 West Virginia
44%
'13 9 Wichita State
36%
'15 3 Notre Dame
32%
'16 6 Notre Dame
32%
'14 11 Dayton
25%
No matching quizzes found
Score Distribution
Percent of People with Each Score
Percentile by Number Answered
Your Score History
You have not taken this quiz